Bệnh tăng huyết áp

שמור ב:
מידע ביבליוגרפי
מחבר ראשי: Phạm Tử Dương
פורמט: ספר
שפה:Undetermined
יצא לאור: H. Y Học 2001
נושאים:
תגים: הוספת תג
אין תגיות, היה/י הראשונ/ה לתייג את הרשומה!
Thư viện lưu trữ: Trung tâm Học liệu Trường Đại học Cần Thơ
LEADER 00497nam a2200181Ia 4500
001 CTU_52395
008 210402s9999 xx 000 0 und d
082 |a 616.132 
082 |b D561 
100 |a Phạm Tử Dương 
245 0 |a Bệnh tăng huyết áp 
245 0 |c Phạm Tử Dương 
260 |a H. 
260 |b Y Học 
260 |c 2001 
650 |a hypertension, cardiovascular system 
650 |x diseases 
980 |a Trung tâm Học liệu Trường Đại học Cần Thơ